|
|
|
|
| LEADER |
01073nam a2200265 a 4500 |
| 001 |
c000178895 |
| 003 |
CARM |
| 005 |
20041126125907.0 |
| 008 |
880804s1988 enk b 000 0 eng |
| 019 |
1 |
|
|a 6006288
|z 6008437
|5 LACONCORD2021
|
| 020 |
|
|
|a 0566057069 :
|c $50.00 (U.S.)
|
| 035 |
|
|
|a (OCoLC)18442390
|5 LACONCORD2021
|
| 040 |
|
|
|a LC
|b eng
|c LC
|d LC
|
| 050 |
|
4 |
|a HD5718.S45
|b E38 1988
|
| 082 |
0 |
4 |
|a 331.12/51
|2 19
|
| 100 |
1 |
|
|a Elfring, Tom,
|d 1957-
|
| 245 |
1 |
0 |
|a Service sector employment in advanced economies :
|b a comparative analysis of its implications for economic growth /
|c Tom Elfring.
|
| 260 |
|
|
|a Aldershot, Hants, England ;
|a Brookfield, Vt., USA :
|b Avebury,
|c c1988.
|
| 300 |
|
|
|a xii, 238 p. ;
|c 23 cm.
|
| 504 |
|
|
|a Bibliography: p. 225-238.
|
| 650 |
|
0 |
|a Service industries
|x Employment.
|
| 650 |
|
0 |
|a Economic policy.
|
| 852 |
8 |
|
|b CARM
|h A2:AO09F0
|i C06267
|p 0247640
|f BK
|
| 999 |
f |
f |
|i 88fe1f3a-99f8-5dcc-9bdc-e6d9fb429e33
|s 28679dcb-cc58-56a9-b877-c45989daa16f
|
| 952 |
f |
f |
|p Can circulate
|a CAVAL
|b CAVAL
|c CAVAL
|d CARM 1 Store
|e C06267
|f A2:AO09F0
|h Other scheme
|i book
|m 0247640
|